000 00510nam a2200181Ia 4500
003 OSt
005 20260305121739.0
008 190216s9999||||xx |||||||||||||| ||und||
020 _a8177480049
040 _coclc
082 _a894.8123
_bMOH/I
100 1 _aMōhanan, En.,
_d1933-1999
_96524
245 0 _aInnalathe Mazha /
_cN Mohanan
260 _bCalicut University Publications,
_c2000.
300 _a116p
650 _aNovel
942 _cBK
_2ddc
_h894.8123
_iMOH/I
_k894.8123
_mMOH/I
999 _c28066
_d28066